| 000 | 00584nam a2200193 a 4500 | ||
|---|---|---|---|
| 001 | 000025356 | ||
| 005 | 20200930023729.0 | ||
| 008 | 110215s2006 dr ac 000 0 spa d | ||
| 020 | _a1932271805 | ||
| 040 |
_aDO-SdBNP _bspa _cBNPHU |
||
| 100 | 1 |
_aLópez Rojas, Luis A. _951929 |
|
| 245 | 1 | 0 |
_aHistoriar la muerte (1508-1920) / _cLuis A. López Rojas. |
| 260 |
_aSan Juan, Puerto Rico : _bEditores Isla Negra, _c2006. |
||
| 300 |
_a109 P. ; _c22 cm. |
||
| 490 | 1 | _aVisiones y cegueras | |
| 504 | _aBibliografía: p. 107-109 | ||
| 830 | 0 |
_aVisiones y cegueras _91120 |
|
| 049 | _aBNPD | ||
| 999 |
_c24848 _d24848 |
||